000 00774nam a2200217 a 4500
001 015351
003 BD-ChCU
005 20260401120456.0
008 260401 Ben
040 _aDLC
_cDLC
_dBD-ChCU
082 0 0 _a৮১৩.০৯ মুখো ১১ শ
100 _aমুখোপাধ্যায়,উমাপ্রসাদ
_b-
_921042
245 1 0 _a শরৎ চন্দ্র প্রসঙ্গ /
_b-
_cউমাপ্রসাদ মুখোপাধ্যায়
250 _a***
260 _aকলিকাতা
_bনবজাতক
_c১৯৯১
300 _a**
504 _a- Biblio-
650 0 _aচট্রোপাধ্যায়, শরৎচন্দ্র-জীবনী
_bজীবনী
700 1 _a-
942 _2ddc
_cBK
999 _c111996
_d111996